| 000 | 00445nam a2200181Ia 4500 | ||
|---|---|---|---|
| 008 | 180207s9999 xx 000 0 und d | ||
| 020 | _a9781412793728 | ||
| 050 | _bD612 2008 | ||
| 245 | _aDisney Bolt / | ||
| 245 | _cillustrated by Art Mawhinney. | ||
| 260 | _aLondon : | ||
| 260 | _bDisney Enterprices, Inc. | ||
| 260 | _c2008 | ||
| 300 | _aunpaged : | ||
| 300 | _bcolor illustration ; | ||
| 300 | _c31cm. | ||
| 650 | _aLook and find. | ||
| 999 |
_c355779 _d355779 |
||